000 00701nam a2200181 a 4500
001 000044545
005 20201002045442.0
008 140714s201u dr ac 000 0 spa d
040 _aDO-SdBNP
_bspa
_cBNPHU
082 _axxxx
_bxxxx
245 0 0 _aUn siglo de historia :
_bCentral Romana Corporatión, 1912-2012 /
_cedición ; Ana Blanco ; traducción al inglés Paula Vega, Mónica Vega ; fotografía ; Eladio Fernández.
260 _a[Santo Domingo] :
_bCentral Romana Corporatión,
_c[201-? ].
300 _a191 p. :
_bil., retrs. ;
_c24 cm.
500 _aTexto en español e inglés
700 1 2 _aBlanco, Ana
_eed.
_972556
700 1 2 _aVega, Paula
_etr.
_917754
700 1 2 _aVega, Mónica
_etr.
_915777
999 _c44034
_d44034